00606nam a2200157 a 450000500170000000800410001702000180005805000170007610000180009324500520011126000320016330000140019599900190020995201100022895201100033820140414132016.0040128s19uu xx 00 eng d a0-439-35236-3 aTRbB35 2000 aChild, Lauren aBeware of the storybook wolves /cLauren Child. aU.S.A :bScholastic,c2000. ap. ; cm. c113367d113367 00104050aMUbMUcTRd2004-01-28eLib. Fundl0oTR B35 2000pM4923r2014-04-14 00:00:00w2014-04-14yBK 00104050aMUbMUcTRd2004-01-28eLib. Fundl0oTR B35 2000pM4924r2014-04-14 00:00:00w2014-04-14yBK